000 00318nam a22001337a 4500
008 180919b xxu||||| |||| 00| 0 eng d
020 _a0812990323
041 _aeng
080 _a338
100 _a54
101 _aman
245 _aStarting And Running A Profitable Innvestment Club
_cOhara.TH
942 _2udc
_cBK
999 _c48064
_d48064